Electricity, today's technologies and tomorrow's alternatives / (Record no. 179282)

000 -LEADER
fixed length control field 00971 a2200205 4500
003 - CONTROL NUMBER IDENTIFIER
control field Nust
005 - DATE AND TIME OF LATEST TRANSACTION
control field 20221026190918.0
010 ## - LIBRARY OF CONGRESS CONTROL NUMBER
LC control number 80025050
020 ## - INTERNATIONAL STANDARD BOOK NUMBER
International Standard Book Number 0865760039 :
040 ## - CATALOGING SOURCE
Transcribing agency Nust
082 00 - DEWEY DECIMAL CLASSIFICATION NUMBER
Classification number 621.31,ELE
110 2# - MAIN ENTRY--CORPORATE NAME
Corporate name or jurisdiction name as entry element Electric Power Research Institute.
9 (RLIN) 101468
245 10 - TITLE STATEMENT
Title Electricity, today's technologies and tomorrow's alternatives /
Statement of responsibility, etc. Electric Power Research Institute.
260 ## - PUBLICATION, DISTRIBUTION, ETC.
Place of publication, distribution, etc. Los Altos, Calif. :
Name of publisher, distributor, etc. The Institute,
Date of publication, distribution, etc. c1981.
300 ## - PHYSICAL DESCRIPTION
Extent vii, 119 p. :
Other physical details ill. ;
Dimensions 28 cm.
505 ## - FORMATTED CONTENTS NOTE
Formatted contents note The Need for Energy (Page-1), Energy Demand and Conservation (Page-6), Energy Supply (Page-15), Principles of Electric Power Generation (Page-25), Today s Generating Options (Page-38), Future Generating Options (Page-50), Electricity Storage and Delivery (Page-75), Environmental Concerns (Page-90), Environmental Concerns (Page-107), Making Energy Decisions (Page-114).
650 #0 - SUBJECT ADDED ENTRY--TOPICAL TERM
Topical term or geographic name entry element Electric power.
650 #0 - SUBJECT ADDED ENTRY--TOPICAL TERM
Topical term or geographic name entry element Power resources.
9 (RLIN) 3458
942 ## - ADDED ENTRY ELEMENTS (KOHA)
Source of classification or shelving scheme
Koha item type Book
Holdings
Withdrawn status Lost status Source of classification or shelving scheme Damaged status Not for loan Permanent Location Current Location Shelving location Date acquired Full call number Barcode Date last seen Price effective from Koha item type Public note
          Military College of Signals (MCS) Military College of Signals (MCS) General Stacks 12/12/2016 621.31,ELE MCS5908 12/08/2016 12/12/2016 Book Almirah No.28, Shelf No.5
© 2023 Central Library, National University of Sciences and Technology. All Rights Reserved.